000 01208nam a2200325 a 4500
001 000110398
003 CHAP
005 20220329144130.0
008 140825s2014 mx | |sm |||||||spa|d
010 _a106860
011 _a107832
040 _cCHAP
090 _aTesis
100 1 _aRuiz Cervantes, María Fernánda
_9127880
245 1 0 _aHacia el reconocimiento constitucional del pueblo afromexicano:
_h[En línea]
_buna reflexión sobre la identidad negra en la Costa Chica de Guerrero y Oaxaca /
_cpor María Fernanda ruiz Cervantes.
260 _aChapingo, Méx. :
_bEl autor,
_c2014.
500 _aPara ver el contenido del material haga clic en la liga
502 _aTesis (M.C. en Sociología Rural) -- UACH. Departamento de Sociología Rural
590 _aBATCH-UPD
_b05
_c20141002
_lUCH01
_h0905
590 _aE792CSJ
_b05
_c20140825
_lUCH01
_h1422
590 _aE792CSJ
_b05
_c20140825
_lUCH01
_h1422
650 1 4 _aAfromexicanos.
_9127884
650 1 4 _aEtnología
_zGuerrero.
_938664
650 1 4 _aIdentidad.
_957290
650 1 4 _aNegros en México.
_980727
856 _aFinding aid
_uhttp://10.13.5.2/tesis/sist110398.pdf
_zTeclea aquí
901 _aBK
942 _cTESIS
942 _n0
999 _c106860
_d106860